| 000 | 00437nam a2200145 i 4500 | ||
|---|---|---|---|
| 001 | 142622 | ||
| 003 | ES-MaACL | ||
| 005 | 20230906200557.0 | ||
| 007 | t| | ||
| 008 | 071009s1970 sp ||||1| spa d | ||
| 245 | 0 | 0 |
_aViajemos con el circo _b: actividades escolares para niños de 5 a 7 años: guía didáctica. |
| 260 |
_aBarcelona : _bCasals, _c[1970] |
||
| 300 |
_a356 p. : _bil. ; _c21 cm. |
||
| 852 |
_aES-MaACL _jC-45779 _bR.76759 |
||
| 999 |
_c142622 _d142622 |
||